A mestizo and tropical country: the creation of the official image of independent Brazil /

Sábháilte in:
Sonraí bibleagrafaíochta
Príomhchruthaitheoir: Moritz Schwarcz, Lilia
Formáid: Téacs
Ábhair:
Clibeanna: Cuir clib leis
Níl clibeanna ann, Bí ar an gcéad duine le clib a chur leis an taifead seo!

MARC

LEADER 00000 a a2200000 04500
001 16285
003
040
100 |a Moritz Schwarcz, Lilia  
245 |a A mestizo and tropical country:   |b the creation of the official image of independent Brazil /  |c Lilia Moritz Schwarcz 
650 |a ETNICIDAD  
650 |a GRUPOS ETNICOS  
650 |a RELACIONES RACIALES  
650 |a DISCRIMINACION RACIAL  
650 |a HISTORIA SOCIAL  
650 |a IDEOLOGIAS  
650 |a BRASIL  
773 |g número 80; páginas 25-42  
999 |c 34140  |d 34140